| 000 | 00688cam a22002052 4500 | ||
|---|---|---|---|
| 001 | 0000001761 | ||
| 005 | 20151021151053.0 | ||
| 008 | 070326s xx 000 0 eng d | ||
| 020 |
_a9966468161 : _cKES 1,150 |
||
| 040 |
_aKABU _cKABU |
||
| 050 | 0 |
_aHD31 _b.S24 2002 |
|
| 100 | 1 |
_aSagimo, Peter O. _@0000150766 |
|
| 245 | 1 | 0 |
_aManagement dynamics : _btowards efficiency, effectiveness, competence and productivity / _cPeter O. Sagimo. |
| 260 |
_aNairobi : _bEast African Educational Publishers, _c2002. |
||
| 300 |
_axviii, 494 p. ; _c25 cm. |
||
| 650 | 0 |
_aManagement. _@0000083920 |
|
| 908 | _a070326 | ||
| 950 | _@1 | ||
| 999 |
_c357 _d357 |
||